| 000 | 00626nam a22001217a 4500 | ||
|---|---|---|---|
| 040 | _cRUA | ||
| 082 | _aVEM LOR 2014 B435 O.1 | ||
| 100 | _aLORN MENGLY; លាន់ ម៉េងលី | ||
| 245 | _aStudy on gastrointesrinal parasite of cattle in khsach kandal district, kandal province, ការសិក្សាបរាសិតក្នុងក្រពះពោះវៀនគោនៅស្រុកខ្សាច់កណ្ដាល ខេត្តកណ្ដាល | ||
| 300 |
_aviii,41p. _bill. _c29cm. |
||
| 856 | _uhttps://drive.google.com/file/d/1oQtuuiL9uI_578nqddLY0lXDAsqvAx7B/view?usp=sharing | ||
| 942 | _cVEM | ||
| 999 |
_c7120 _d7120 |
||